Visualizzazione normale
Vista MARC
- Roberta Franchi
di Personal Name
Records bibliografici associati: 1
001 - CONTROL NUMBER
- control field: 57002
003 - CONTROL NUMBER IDENTIFIER
- control field:
005 - DATE AND TIME OF LATEST TRANSACTION
- control field: 20180505164413.0
008 - FIXED-LENGTH DATA ELEMENTS
- fixed length control field: 180505|| aca||aabn | a|a d
040 ## - CATALOGING SOURCE
- Original cataloging agency:
- Transcribing agency:
100 ## - HEADING--PERSONAL NAME
- Personal name: Roberta Franchi
670 ## - SOURCE DATA FOUND
- Source citation: Work cat.: ()346651: Metodio di Olimpo (Méthode d'Olympe) 57001, Il libero arbitrio, 2015